Normal view
MARC view
- الفقة الشافعي
Entry Topical Term
001 - CONTROL NUMBER
- control field: 40945
003 - CONTROL NUMBER IDENTIFIER
- control field: JO-AjAnu
005 - DATE AND TIME OF LATEST TRANSACTION
- control field: 20230606080812.0
008 - FIXED-LENGTH DATA ELEMENTS
- fixed length control field: 230606|| aca||aabn | a|a d
040 ## - CATALOGING SOURCE
- Original cataloging agency: JO-AjAnu
- Transcribing agency: JO-AjAnu
150 ## - HEADING--TOPICAL TERM
- Topical term or geographic name entry element: الفقة الشافعي
670 ## - SOURCE DATA FOUND
- Source citation: Work cat.: (JO-AjAnu)20984: تاليف الشافعي، تقي الدين أبي بكر بن محمد الحسيني الدمشقي؛ تحقيق وخرج احاديثة وتعليق أبو عبدالله النعماني الأثرى, author 40944, كفاية الأخيار في حل غاية الإختصار